[Event "Euro Online U2300 Day 2"]
[Site "chess.com INT"]
[Date "2020.05.26"]
[Round "2"]
[White "Mammadov, Sadig"]
[Black "Yordanov, Lachezar"]
[Result "1-0"]
[WhiteTitle "FM"]
[BlackTitle "FM"]
[WhiteElo "2237"]
[BlackElo "2307"]
[WhiteFideId "13408712"]
[BlackFideId "2918927"]
[EventDate "2020.05.26"]

1. d4 Nf6 2. Nf3 e6 3. c4 c5 4. e3 cxd4 5. exd4 d5 6. Nc3 dxc4 7. Bxc4 Nbd7 8.
O-O Nb6 9. Bb3 Be7 10. Re1 O-O 11. Bf4 Nbd5 12. Bg3 b6 13. Rc1 Bb7 14. a3 Rc8
15. Ne5 Nxc3 16. bxc3 b5 17. a4 a6 18. axb5 axb5 19. Qe2 Qb6 20. Bh4 Rfd8 21.
Nxf7 Kxf7 22. Bxe6+ Kg6 23. Bxc8 Rxc8 24. Qxe7 Qc6 25. f3 Re8 26. Qc5 Qxc5 27.
dxc5 Rc8 28. Re7 Bd5 29. Bf2 Bc4 30. Bd4 Nh5 31. Ra1 Nf4 32. Ra6+ Kh5 33. Rxg7
Ne6 34. Be3 Rd8 35. g4+ 1-0

[Event "Euro Online U2300 Day 2"]
[Site "chess.com INT"]
[Date "2020.05.26"]
[Round "2"]
[White "Papadiamandis, Elliot"]
[Black "Taspinar, Yanki"]
[Result "1-0"]
[WhiteTitle "CM"]
[BlackTitle "CM"]
[WhiteElo "2269"]
[BlackElo "2178"]
[WhiteFideId "36074160"]
[BlackFideId "34561188"]
[EventDate "2020.05.26"]

1. e4 e5 2. Nf3 Nc6 3. Bc4 Nf6 4. d3 Bc5 5. c3 d6 6. Nbd2 a6 7. Bb3 Ba7 8. h3
O-O 9. O-O h6 10. Re1 Re8 11. Nf1 Be6 12. Be3 d5 13. Bxa7 Rxa7 14. Qe2 Ra8 15.
Ng3 Qd7 16. Nh4 Rad8 17. Nhf5 Ne7 18. Qf3 Bxf5 19. Nxf5 Nxf5 20. exf5 c6 21. Re2
Re7 22. Rae1 Rde8 23. g4 e4 24. dxe4 Rxe4 25. Rxe4 Rxe4 26. Rxe4 Nxe4 27. Bc2
Nf6 28. h4 Qe7 29. g5 hxg5 30. hxg5 Nh7 31. f6 gxf6 32. Bxh7+ Kxh7 33. gxf6 Qe6
34. Qh5+ Kg8 35. Qg5+ Kf8 36. Qf4 Kg8 37. Qg3+ Kf8 38. Qb8+ 1-0

[Event "Euro Online U2300 Day 2"]
[Site "chess.com INT"]
[Date "2020.05.26"]
[Round "2"]
[White "Kanyamarala, Tarun"]
[Black "Ivic, Velimir"]
[Result "0-1"]
[WhiteTitle "FM"]
[BlackTitle "GM"]
[WhiteElo "2381"]
[BlackElo "2548"]
[WhiteFideId "45004714"]
[BlackFideId "950122"]
[EventDate "2020.05.26"]

1. e4 c5 2. Nf3 d6 3. d4 cxd4 4. Qxd4 a6 5. c4 Nc6 6. Qe3 Nf6 7. Nc3 g6 8. Be2
Bg7 9. h3 O-O 10. O-O Nd7 11. b3 Nc5 12. Bb2 f5 13. exf5 gxf5 14. Qg5 Ne6 15.
Qh4 Rf6 16. c5 Nxc5 17. Ng5 Rh6 18. Qc4+ e6 19. f4 b5 20. Nxb5 axb5 21. Qxb5
Bxb2 22. Qxc6 Bb7 23. Qb5 Bxa1 24. Rxa1 Ba6 0-1

[Event "Euro Online U2300 Day 2"]
[Site "chess.com INT"]
[Date "2020.05.26"]
[Round "2"]
[White "Kormos, Adam"]
[Black "Thorsbro, Peter"]
[Result "0-1"]
[WhiteElo "2279"]
[BlackElo "2144"]
[WhiteFideId "730483"]
[BlackFideId "1406671"]
[EventDate "2020.05.26"]

1. e4 e5 2. Nf3 Nc6 3. Bb5 a6 4. Ba4 Nf6 5. Qe2 b5 6. Bb3 Be7 7. O-O O-O 8. d3
h6 9. a4 b4 10. a5 Re8 11. Nbd2 Bf8 12. Nc4 d5 13. Ne3 dxe4 14. dxe4 Nd4 15. Qd3
Nxb3 16. Qxd8 Rxd8 17. cxb3 Nxe4 18. Nxe5 Be6 19. N3c4 Nc5 20. Nc6 Nxb3 21. Nxd8
Rxd8 22. Rb1 Bxc4 23. Re1 Bd3 24. Rd1 Be7 0-1

[Event "Euro Online U2300 Day 2"]
[Site "chess.com INT"]
[Date "2020.05.26"]
[Round "2"]
[White "Marjanovic, Annamaria"]
[Black "Ristic, Nenad"]
[Result "1-0"]
[WhiteTitle "WGM"]
[BlackTitle "GM"]
[WhiteElo "2338"]
[BlackElo "2332"]
[WhiteFideId "750930"]
[BlackFideId "901318"]
[EventDate "2020.05.26"]

1. c4 g6 2. g3 Bg7 3. Bg2 c5 4. Nc3 Nc6 5. a3 d6 6. Rb1 Bd7 7. b4 Rb8 8. Nf3 b6
9. O-O Nh6 10. Qb3 Nf5 11. e3 h5 12. Bb2 h4 13. Nd5 hxg3 14. fxg3 Bxb2 15. Qxb2
O-O 16. b5 Na5 17. d3 Be6 18. e4 Bxd5 19. exf5 Bxf3 20. Rxf3 e5 21. f6 Kh7 22.
g4 Rh8 23. Rh3+ Kg8 24. Rxh8+ Kxh8 25. Qf2 Kg8 26. Re1 Nb3 27. Re3 Nd4 28. Rh3
g5 29. Rh5 Ne6 30. Qf5 Nf8 31. Qxg5+ Ng6 32. Qxg6+ fxg6 33. Bd5+ 1-0

[Event "Euro Online U2300 Day 2"]
[Site "chess.com INT"]
[Date "2020.05.26"]
[Round "2"]
[White "Gheorghiu, Calin"]
[Black "Caglar, Ahmet Ata"]
[Result "0-1"]
[WhiteTitle "FM"]
[WhiteElo "2283"]
[BlackElo "2077"]
[WhiteFideId "1200305"]
[BlackFideId "6328636"]
[EventDate "2020.05.26"]

1. e4 c5 2. Nf3 Nc6 3. d4 cxd4 4. Nxd4 e5 5. Nb5 d6 6. N1c3 a6 7. Na3 b5 8. Nd5
Nge7 9. c4 Nd4 10. Be3 Nxd5 11. cxd5 Be7 12. Bd3 O-O 13. O-O Bd7 14. Rc1 Rc8 15.
Bxd4 exd4 16. Nc2 Qb6 17. Be2 Bf6 18. Bg4 Bxg4 19. Qxg4 d3 20. Nb4 Rxc1 21. Rxc1
Bxb2 22. Rc8 d2 23. Rxf8+ Kxf8 24. Nc6 g6 25. Qe2 Bc3 26. Qd3 Qc5 27. Nb8 Qc4
28. Qc2 Qe2 29. Nd7+ Ke7 0-1

[Event "Euro Online U2300 Day 2"]
[Site "chess.com INT"]
[Date "2020.05.26"]
[Round "2"]
[White "Tobak, Mikhail"]
[Black "Schlegel, Igor"]
[Result "1-0"]
[WhiteElo "2067"]
[BlackElo "2027"]
[WhiteFideId "14165570"]
[BlackFideId "1334956"]
[EventDate "2020.05.26"]

1. e4 c5 2. Nf3 d6 3. c3 Nf6 4. Bd3 b6 5. O-O Bb7 6. Re1 g6 7. Bc2 Bg7 8. d4 O-O
9. a3 Nbd7 10. h3 Rc8 11. Bd3 Qc7 12. b4 cxd4 13. cxd4 Bxe4 14. Bb2 Bxd3 15.
Qxd3 e6 16. Nc3 d5 17. Rac1 Qc4 18. Qb1 Qa6 19. a4 Rc4 20. b5 Qb7 21. Qd3 Rfc8
22. Nd2 R4c7 23. Nb3 Ne8 24. Ba3 Rc4 25. Red1 R8c7 26. Rc2 Qc8 27. Rdc1 Bh6 28.
Nd2 Bxd2 29. Qxd2 Ng7 30. Bd6 Rb7 31. Ne4 Rxc2 32. Rxc2 Qd8 33. Qc1 1-0

[Event "Euro Online U2300 Day 2"]
[Site "chess.com INT"]
[Date "2020.05.26"]
[Round "2"]
[White "Podetti, Davide"]
[Black "Can, Melih Kaan"]
[Result "1-0"]
[WhiteElo "2173"]
[BlackElo "2105"]
[WhiteFideId "893617"]
[BlackFideId "6317383"]
[EventDate "2020.05.26"]

1. e4 c5 2. Nf3 Nc6 3. Bb5 d6 4. O-O Bd7 5. Re1 Nf6 6. h3 a6 7. Bf1 g6 8. c3 Bg7
9. d4 cxd4 10. cxd4 O-O 11. Nc3 b5 12. e5 Ne8 13. Bg5 h6 14. Bh4 dxe5 15. dxe5
Nc7 16. Rc1 Ne6 17. Nd5 g5 18. Bg3 Rc8 19. Qd2 Re8 20. Red1 Nf8 21. a4 Qa5 22.
Qxa5 Nxa5 23. Rxc8 Bxc8 24. axb5 axb5 25. Bxb5 Bd7 26. Bxd7 Nxd7 27. Nc7 Rd8 28.
e6 fxe6 29. Nxe6 Rc8 30. Nxg7 Kxg7 31. Rxd7 Kf7 32. b4 Rc1+ 33. Kh2 Nb3 34. b5
Rb1 35. b6 Nc5 36. Rc7 Ne6 37. Rc6 Rb2 38. Ne5+ Kf6 39. Ng4+ 1-0

[Event "Euro Online U2300 Day 2"]
[Site "chess.com INT"]
[Date "2020.05.26"]
[Round "2"]
[White "Simet, Martin"]
[Black "Ismayilov, Firuz"]
[Result "1/2-1/2"]
[WhiteTitle "FM"]
[WhiteElo "2194"]
[BlackElo "1590"]
[WhiteFideId "377244"]
[BlackFideId "13416561"]
[EventDate "2020.05.26"]

1. e4 g6 2. d4 Bg7 3. Nf3 d6 4. Bc4 Nf6 5. Nc3 O-O 6. O-O Bg4 7. h3 Bxf3 8. Qxf3
Nc6 9. Be3 e5 10. d5 Nd4 11. Bxd4 exd4 12. Nb5 Nd7 13. Rad1 Nc5 14. Nxd4 Re8 15.
Rfe1 Qh4 16. b4 Rxe4 17. Rxe4 Nxe4 18. g3 Qe7 19. Re1 Bxd4 20. Rxe4 Qf6 21. Qe2
h5 22. Kg2 a5 23. bxa5 Rxa5 24. Re8+ Kg7 25. Rc8 Rc5 26. f3 Qe5 27. Qxe5+ Bxe5
28. Bb3 Rc3 29. f4 Bd4 30. Re8 Re3 31. Rxe3 Bxe3 32. Kf3 Bc5 33. g4 hxg4+ 34.
hxg4 f6 35. a4 b6 36. f5 gxf5 37. gxf5 Kh6 38. Kg4 Bd4 39. Bc4 Be5 40. Bb5 Bd4
41. Bc6 Be5 42. Kf3 Kg5 43. Ke4 Bh2 44. Kd3 Bg1 45. Bd7 Kf4 46. Kc4 Ke5 47. Be6
Bc5 48. Kb5 Kf4 49. Kc6 Ke5 50. Kxc7 Bg1 51. Kd7 Bc5 52. Ke7 Bg1 53. Kd7 Bc5 54.
Kc6 Bg1 55. Kb5 Bc5 56. a5 bxa5 57. Kxa5 Bg1 58. Kb5 Bc5 59. Kc6 Bg1 1/2-1/2

[Event "Euro Online U2300 Day 2"]
[Site "chess.com INT"]
[Date "2020.05.26"]
[Round "2"]
[White "Gadimbayli, Abdulla"]
[Black "Jafarli, Babak"]
[Result "1-0"]
[WhiteTitle "IM"]
[WhiteElo "2470"]
[BlackElo "2020"]
[WhiteFideId "13404938"]
[BlackFideId "13406019"]
[EventDate "2020.05.26"]

1. e4 c5 2. Nf3 Nc6 3. Bb5 g6 4. Bxc6 dxc6 5. d3 Bg7 6. h3 Nf6 7. Nc3 Nd7 8. Be3
e5 9. Qd2 O-O 10. O-O Qe7 11. Nh2 a5 12. Bh6 b6 13. Bxg7 Kxg7 14. f4 exf4 15.
Rxf4 Ne5 16. Raf1 Be6 17. Rf6 Nd7 18. R6f2 Ne5 19. Nf3 f6 20. b3 Rad8 21. Ne2 b5
22. Nxe5 fxe5 23. Rxf8 Rxf8 24. Rxf8 Kxf8 25. Qxa5 Qg5 26. Qa8+ Kg7 27. Qa7+ Kh6
28. Qxc5 Bxh3 29. Qf8+ Kh5 30. Qf3+ Bg4 31. Ng3+ Kh4 32. Qf2 Qc1+ 33. Nf1+ Kh5
34. Kh2 Qf4+ 35. Qxf4 exf4 36. a4 bxa4 37. bxa4 g5 38. a5 Bc8 39. Nd2 g4 40. Nb3
g3+ 41. Kg1 Kg4 42. Nc5 h5 43. a6 Bxa6 44. Nxa6 h4 45. Nc5 f3 46. gxf3+ Kxf3 47.
e5 h3 48. Ne4 1-0

[Event "Euro Online U2300 Day 2"]
[Site "chess.com INT"]
[Date "2020.05.26"]
[Round "2"]
[White "Abdrlauf, Elham"]
[Black "Tsybulkin, Ivan"]
[Result "1/2-1/2"]
[WhiteTitle "FM"]
[WhiteElo "2362"]
[BlackElo "1814"]
[WhiteFideId "1533533"]
[BlackFideId "34165140"]
[EventDate "2020.05.26"]

1. e4 d5 2. exd5 Nf6 3. d4 Bg4 4. Nf3 Qxd5 5. Be2 Nc6 6. Nc3 Qh5 7. O-O O-O-O 8.
h3 Bxf3 9. Bxf3 Qh4 10. Bxc6 bxc6 11. Qe2 e6 12. Qa6+ Kd7 13. Be3 Bd6 14. Rfd1
Nd5 15. Nxd5 exd5 16. c4 Rhe8 17. Rac1 Re6 18. Re1 Qe4 19. cxd5 Qxd5 20. Qc4
Rde8 21. Qxd5 cxd5 22. Kf1 c6 1/2-1/2

[Event "Euro Online U2300 Day 2"]
[Site "chess.com INT"]
[Date "2020.05.26"]
[Round "2"]
[White "Averyanov, Grigori"]
[Black "Sherman, Reem"]
[Result "0-1"]
[WhiteElo "2274"]
[BlackElo "2146"]
[WhiteFideId "44150288"]
[BlackFideId "2822288"]
[EventDate "2020.05.26"]

1. d4 Nf6 2. c4 c5 3. d5 b5 4. a4 bxc4 5. Nc3 e6 6. e4 exd5 7. exd5 Bd6 8. Nf3
O-O 9. Be2 Na6 10. Nd2 Be7 11. Nxc4 d6 12. O-O Nb4 13. Ne3 Re8 14. Bb5 Bd7 15.
Nc4 a6 16. Bxd7 Nxd7 17. Bf4 Nb6 18. Ne3 Bg5 19. Bxg5 Qxg5 20. a5 Nd7 21. Nc4
Qf4 22. b3 Rad8 23. g3 Qd4 24. Na4 Ne5 25. Nab6 Ned3 26. Qf3 Nc2 27. Rad1 Nce1
28. Qf5 g6 29. Qh3 Nxf2 30. Rxd4 Nxh3+ 31. Kh1 cxd4 0-1

[Event "Euro Online U2300 Day 2"]
[Site "chess.com INT"]
[Date "2020.05.26"]
[Round "2"]
[White "Abdullayev, Azer"]
[Black "Jeszenszky, Jozsef"]
[Result "0-1"]
[WhiteElo "2039"]
[BlackElo "2099"]
[WhiteFideId "13403400"]
[BlackFideId "753564"]
[EventDate "2020.05.26"]

1. d4 d5 2. c4 e6 3. Nc3 c6 4. e3 Nf6 5. Nf3 Nbd7 6. Bd3 dxc4 7. Bxc4 b5 8. Bd3
Bb7 9. e4 b4 10. Na4 c5 11. e5 Nd5 12. Nxc5 Nxc5 13. dxc5 Bxc5 14. O-O O-O 15.
Bxh7+ Kxh7 16. Ng5+ Kg6 17. Qg4 f5 18. Qg3 Qe7 19. Nxe6+ Kf7 20. Nxg7 Rg8 21.
Bh6 Nc7 22. Qh3 Rxg7 23. Qh5+ Kg8 24. Bxg7 Qxg7 25. g3 f4 26. Qh4 Ne6 27. Rad1
Be7 28. Qh3 Ng5 29. Qf5 Nf3+ 30. Kh1 Nh4+ 31. f3 Nxf5 32. g4 Qxg4 33. Rg1 Bxf3+ 0-1

[Event "Euro Online U2300 Day 2"]
[Site "chess.com INT"]
[Date "2020.05.26"]
[Round "2"]
[White "Petriashvili, Nikoloz"]
[Black "Karacsonyi, Gellert"]
[Result "1/2-1/2"]
[WhiteTitle "IM"]
[BlackTitle "FM"]
[WhiteElo "2423"]
[BlackElo "2292"]
[WhiteFideId "13611216"]
[BlackFideId "764620"]
[EventDate "2020.05.26"]

1. c4 Nf6 2. g3 e6 3. Nf3 d5 4. b3 Be7 5. Bg2 O-O 6. Bb2 b6 7. O-O Bb7 8. d4 c5
9. dxc5 Bxc5 10. cxd5 Nxd5 11. Nc3 Nd7 12. Qd2 N7f6 13. Rad1 Qe7 14. Qg5 h6 15.
Nxd5 Bxd5 16. Bxf6 hxg5 17. Bxe7 Bxe7 18. Nd2 Rfd8 19. Nc4 Bxg2 20. Kxg2 f6 21.
a4 Kf7 22. e4 Ke8 23. Kf3 Rxd1 24. Rxd1 Rd8 25. Rxd8+ Kxd8 26. Kg4 g6 27. h3 Kc7
28. Nb2 f5+ 29. Kf3 Bf6 30. Nd3 Bd4 31. Nb4 Kd6 32. Nd3 Kc7 33. g4 Kd6 34. Nb4
Bc5 35. Nd3 Bd4 36. Nb4 Bc5 37. Nd3 Bd4 1/2-1/2

[Event "Euro Online U2300 Day 2"]
[Site "chess.com INT"]
[Date "2020.05.26"]
[Round "2"]
[White "Budrewicz, Krzysztof"]
[Black "Lund, Terje"]
[Result "1-0"]
[WhiteElo "2227"]
[BlackElo "2104"]
[WhiteFideId "1127950"]
[BlackFideId "1504754"]
[EventDate "2020.05.26"]

1. d4 Nf6 2. c4 c5 3. d5 b5 4. Nf3 d6 5. Qc2 bxc4 6. e4 g6 7. Bxc4 Bg7 8. O-O
O-O 9. Nc3 Nbd7 10. h3 a5 11. Re1 Ba6 12. Bxa6 Rxa6 13. a4 Nb6 14. Nb5 Qb8 15.
Bf4 Nfd7 16. Rac1 f6 17. b3 Rc8 18. Nd2 c4 19. bxc4 Nc5 20. Ra1 f5 21. Ra2 Nxe4
22. Nxe4 Rxc4 23. Qd3 fxe4 24. Rxe4 Rxe4 25. Qxe4 Bf6 26. Rc2 Qb7 27. Bh6 Ra8
28. Qe6+ Kh8 29. Rc6 Rd8 30. Nxd6 Rxd6 31. Rxd6 exd6 32. Qxf6+ Kg8 33. Qf8# 1-0

[Event "Euro Online U2300 Day 2"]
[Site "chess.com INT"]
[Date "2020.05.26"]
[Round "2"]
[White "Zubcu, Vlad-George"]
[Black "Dalkowski, Rafal"]
[Result "1-0"]
[WhiteElo "2199"]
[BlackElo "1877"]
[WhiteFideId "1219715"]
[BlackFideId "21862460"]
[EventDate "2020.05.26"]

1. d4 Nf6 2. Bg5 d5 3. Bxf6 exf6 4. g3 c6 5. Bg2 Bd6 6. e3 O-O 7. Ne2 Qb6 8. b3
Bg4 9. O-O a5 10. Nd2 a4 11. c4 Bb4 12. cxd5 cxd5 13. Bxd5 axb3 14. Bxb3 Rc8 15.
Nc4 Qb5 16. Qd3 Qh5 17. Nf4 Qh6 18. Nb6 g5 19. Ng2 Bf3 20. Qf5 Nd7 21. Nxd7 g4
22. Nh4 Kg7 23. Nxf3 gxf3 24. Qxf3 Ra5 25. Nc5 b6 26. Qg4+ Qg6 27. Qxc8 bxc5 28.
d5 1-0

[Event "Euro Online U2300 Day 2"]
[Site "chess.com INT"]
[Date "2020.05.26"]
[Round "2"]
[White "Galiana Fernandez, Adrian"]
[Black "Mesnyankin, Nikita"]
[Result "0-1"]
[WhiteTitle "FM"]
[WhiteElo "2260"]
[BlackElo "2176"]
[WhiteFideId "32010150"]
[BlackFideId "24175935"]
[EventDate "2020.05.26"]

1. e4 e5 2. Nf3 Nc6 3. Bb5 a6 4. Ba4 Nf6 5. O-O Be7 6. Re1 b5 7. Bb3 O-O 8. d4
d6 9. c3 h6 10. Be3 Bb7 11. Nbd2 Re8 12. Bc2 Bf8 13. d5 Ne7 14. Nh4 g6 15. Qf3
Bg7 16. b3 g5 17. Nf5 Nxf5 18. exf5 Bxd5 19. Ne4 Bxe4 20. Bxe4 g4 0-1

[Event "Euro Online U2300 Day 2"]
[Site "chess.com INT"]
[Date "2020.05.26"]
[Round "2"]
[White "Krallis, Christos"]
[Black "Buksa, Nataliya"]
[Result "1/2-1/2"]
[BlackTitle "IM"]
[WhiteElo "2284"]
[BlackElo "2410"]
[WhiteFideId "4298896"]
[BlackFideId "14123622"]
[EventDate "2020.05.26"]

1. d4 d5 2. c4 e6 3. Nf3 Nf6 4. g3 Bb4+ 5. Bd2 Be7 6. Bg2 O-O 7. O-O c6 8. Qc2
Nbd7 9. Rd1 a5 10. b3 b5 11. Ne5 Bb7 12. Nc3 b4 13. Nxd7 Nxd7 14. Na4 Bf6 15.
Bf4 Re8 16. e4 dxe4 17. Bxe4 g6 18. Nc5 Nxc5 19. dxc5 Qc8 20. Rac1 e5 21. Be3
Qc7 22. Qe2 Rad8 23. Qf3 Be7 24. g4 Rxd1+ 25. Rxd1 Rd8 26. Rxd8+ 1/2-1/2

[Event "Euro Online U2300 Day 2"]
[Site "chess.com INT"]
[Date "2020.05.26"]
[Round "2"]
[White "Svicevic, Rastko"]
[Black "Gavilan Diaz, Mario"]
[Result "0-1"]
[WhiteTitle "FM"]
[BlackTitle "FM"]
[WhiteElo "2215"]
[BlackElo "2278"]
[WhiteFideId "916315"]
[BlackFideId "2260905"]
[EventDate "2020.05.26"]

1. d4 Nf6 2. Bg5 c5 3. d5 Ne4 4. Bf4 Qb6 5. Qc1 e6 6. f3 Nf6 7. dxe6 fxe6 8. e4
d5 9. e5 Nfd7 10. Nc3 Nc6 11. Bb5 c4 12. Nge2 Bc5 13. Qd2 O-O 14. Bxc6 Qxc6 15.
Nd4 Qa6 16. O-O-O b5 17. Ndxb5 Rb8 18. a4 Qb6 19. Nxd5 exd5 20. Qxd5+ Kh8 21. e6
Rxf4 22. exd7 Bxd7 23. Qxd7 a6 24. Qc7 axb5 25. Qxb6 Bxb6 26. axb5 c3 27. b3
Be3+ 28. Kb1 Bd2 29. Rhf1 h6 30. g3 Rf5 31. f4 Rfxb5 32. Rf2 Ra5 33. Rfxd2 cxd2
34. Rxd2 Rba8 35. c4 Ra1+ 36. Kb2 R1a2+ 37. Kc3 Rxd2 38. Kxd2 Kg8 39. Kc3 Kf7
40. c5 Ke7 41. Kc4 Kd7 42. b4 Ra2 43. Kb5 Kc7 0-1

[Event "Euro Online U2300 Day 2"]
[Site "chess.com INT"]
[Date "2020.05.26"]
[Round "2"]
[White "Yanev, Pavel"]
[Black "Skatchkov, Valery"]
[Result "0-1"]
[BlackTitle "FM"]
[WhiteElo "2267"]
[BlackElo "2242"]
[WhiteFideId "2910756"]
[BlackFideId "24195812"]
[EventDate "2020.05.26"]

1. e4 e5 2. f4 d5 3. exd5 e4 4. Nc3 Nf6 5. d3 Bb4 6. Bd2 exd3 7. Bxd3 O-O 8. Qf3
Bg4 9. Qg3 Re8+ 10. Nge2 Bxe2 11. Bxe2 Nxd5 12. O-O-O Nf6 13. Bf3 c6 14. a3 Bd6
15. Qh3 Qc7 16. g3 Nbd7 17. Rhe1 Nb6 18. Ne4 Be7 19. Nxf6+ Bxf6 20. Qf5 Nc4 21.
Rxe8+ Rxe8 22. Bc3 Bxc3 23. bxc3 Qb6 24. Rd7 Qb2+ 25. Kd1 Qb1# 0-1

[Event "Euro Online U2300 Day 2"]
[Site "chess.com INT"]
[Date "2020.05.26"]
[Round "2"]
[White "Altarbosh, Ward"]
[Black "Klimkowski, Jan"]
[Result "1-0"]
[WhiteTitle "FM"]
[WhiteElo "2234"]
[BlackElo "2193"]
[WhiteFideId "7601450"]
[BlackFideId "21856222"]
[EventDate "2020.05.26"]

1. e4 c5 2. Nf3 d6 3. d4 cxd4 4. Nxd4 Nf6 5. Nc3 a6 6. h3 e5 7. Nde2 Be7 8. g4
O-O 9. Bg2 b5 10. Be3 Bb7 11. O-O b4 12. Nd5 Nxd5 13. exd5 Nd7 14. f4 Bf6 15. f5
Bg5 16. Bf2 Bh4 17. Ng3 Rc8 18. Ne4 Bxf2+ 19. Rxf2 Nb6 20. f6 Bxd5 21. Qd2 Bxe4
22. Bxe4 Kh8 23. Raf1 g6 24. h4 d5 25. Bd3 e4 26. Bxa6 Ra8 27. Be2 Qd6 28. Qh6
Rg8 29. h5 g5 30. Kg2 d4 31. Rf5 Nd5 32. Rxg5 Ne3+ 33. Kh3 Nxf1 34. Bxf1 Rxg5
35. Qxg5 Rg8 36. Qf5 Qc6 37. Bg2 Re8 38. Qg5 Rg8 39. Qf4 Qxc2 40. Bxe4 Qc5 41.
Qh6 1-0

[Event "Euro Online U2300 Day 2"]
[Site "chess.com INT"]
[Date "2020.05.26"]
[Round "2"]
[White "Golubenko, Valentina"]
[Black "Yeke, Serkan"]
[Result "0-1"]
[WhiteTitle "WGM"]
[BlackTitle "FM"]
[WhiteElo "2209"]
[BlackElo "2099"]
[WhiteFideId "4501993"]
[BlackFideId "6301142"]
[EventDate "2020.05.26"]

1. d4 Nf6 2. c4 g6 3. Nc3 Bg7 4. e4 d6 5. Nf3 O-O 6. Be2 e5 7. O-O Na6 8. Bg5 h6
9. Bh4 Qe8 10. Bg5 hxg5 11. dxe5 dxe5 12. Nxg5 c6 13. a3 Nc5 14. b4 Ne6 15. Nf3
Nf4 16. c5 Nxe2+ 17. Qxe2 Qe7 18. Rfd1 Bg4 19. Rd6 Rfd8 20. Rad1 Bxf3 21. Qxf3
Ne8 22. Rxd8 Rxd8 23. Rxd8 Qxd8 24. h3 Nc7 25. Kh2 Ne6 26. Ne2 Qd2 27. Qg4 Bh6
28. h4 Nd4 29. Nxd4 exd4 30. Qc8+ Kg7 31. Qxb7 Qxf2 32. Qa6 Bf4+ 33. Kh1 Qe1+ 0-1

[Event "Euro Online U2300 Day 2"]
[Site "chess.com INT"]
[Date "2020.05.26"]
[Round "2"]
[White "Hadzimanolis, Antonios"]
[Black "Marchesich, Giovanni"]
[Result "1/2-1/2"]
[WhiteTitle "FM"]
[WhiteElo "2214"]
[BlackElo "2046"]
[WhiteFideId "4202813"]
[BlackFideId "2824790"]
[EventDate "2020.05.26"]

1. e4 e5 2. Nf3 Nc6 3. Bb5 a6 4. Ba4 d6 5. d4 b5 6. Bb3 Nxd4 7. Nxd4 exd4 8. c3
dxc3 9. Nxc3 Nf6 10. O-O Be7 11. a4 Bb7 12. axb5 axb5 13. Rxa8 Bxa8 14. f3 c6
15. Be3 O-O 16. Qd2 b4 17. Ne2 d5 18. e5 Nd7 19. f4 Bc5 20. Bxc5 Nxc5 21. Qxb4
Nxb3 22. Qxb3 c5 23. Qb5 Qc7 24. Rc1 c4 25. Nc3 Rb8 26. Qa4 Qb6+ 27. Kf1 d4 28.
Nd1 Bc6 1/2-1/2

[Event "Euro Online U2300 Day 2"]
[Site "chess.com INT"]
[Date "2020.05.26"]
[Round "2"]
[White "Chaqryan, Erik"]
[Black "Lebedev, Mikhail S."]
[Result "1-0"]
[WhiteElo "2231"]
[BlackElo "2131"]
[WhiteFideId "13312340"]
[BlackFideId "24130303"]
[EventDate "2020.05.26"]

1. d4 Nf6 2. c4 g6 3. Nc3 Bg7 4. e4 d6 5. Nge2 O-O 6. Ng3 e5 7. d5 a5 8. Be2 Na6
9. h4 c6 10. h5 cxd5 11. cxd5 Nc5 12. Be3 Qb6 13. Qd2 Bd7 14. Rb1 Rfc8 15. O-O
a4 16. Kh1 Qb4 17. a3 Qa5 18. f4 Nb3 19. Qe1 Nd4 20. Qf2 Nc2 21. Bb6 Rxc3 22.
Bxa5 Rxg3 23. Qxg3 Rxa5 24. fxe5 dxe5 25. Qc3 Nd4 26. Qxa5 Nxe2 27. Qd8+ Ne8 28.
Qxd7 Ng3+ 29. Kh2 Nxf1+ 30. Rxf1 1-0

[Event "Euro Online U2300 Day 2"]
[Site "chess.com INT"]
[Date "2020.05.26"]
[Round "2"]
[White "Volovich, Vasily"]
[Black "Stabulnieks, Klavs"]
[Result "1-0"]
[WhiteTitle "FM"]
[WhiteElo "2177"]
[BlackElo "2204"]
[WhiteFideId "34169676"]
[BlackFideId "11603984"]
[EventDate "2020.05.26"]

1. e4 c6 2. Nf3 d5 3. Nc3 Nf6 4. e5 Ne4 5. Ne2 Qb6 6. d4 e6 7. Nfg1 f6 8. f3 Ng5
9. exf6 gxf6 10. f4 Ne4 11. Ng3 Nxg3 12. hxg3 Bd7 13. Qh5+ Ke7 14. Nf3 Be8 15.
Qh4 Nd7 16. f5 Bf7 17. fxe6 Bxe6 18. Bd3 Re8 19. O-O Kd8 20. Bf4 Be7 21. Rae1
Nf8 22. Bh6 c5 23. Bg7 Rg8 24. Bxf6 c4 25. Bxe7+ Rxe7 26. Ng5 cxd3 27. Rxf8+
Rxf8 28. Nxe6+ 1-0

[Event "Euro Online U2300 Day 2"]
[Site "chess.com INT"]
[Date "2020.05.26"]
[Round "2"]
[White "Bashirli, Nail"]
[Black "Ibrahimli, Murad"]
[Result "0-1"]
[WhiteTitle "IM"]
[BlackTitle "IM"]
[WhiteElo "2382"]
[BlackElo "2436"]
[WhiteFideId "13406809"]
[BlackFideId "13410229"]
[EventDate "2020.05.26"]

1. e4 e5 2. Nf3 Nc6 3. Bb5 a6 4. Ba4 Nf6 5. d3 b5 6. Bb3 Be7 7. O-O O-O 8. Nc3
d6 9. a3 Bg4 10. Be3 Nd4 11. Bxd4 exd4 12. Nd5 Nxd5 13. Bxd5 Rc8 14. h3 Bxf3 15.
Qxf3 c6 16. Bb3 Bf6 17. a4 a5 18. Qg3 b4 19. f4 Qc7 20. Rae1 Rce8 21. Qf3 g6 22.
g4 Bh4 23. Re2 h6 24. Rg2 Qe7 25. Kh1 Kg7 26. Rfg1 Qf6 27. Rf1 Qe7 28. Qd1 Bf6
29. Rgf2 Bh4 30. Rf3 Kh7 31. f5 Bf6 32. Qd2 g5 33. Kg2 Kg7 34. Qf2 Rh8 35. Rh1
h5 36. Qe2 hxg4 37. hxg4 Rxh1 38. Kxh1 Rh8+ 39. Kg2 Qe5 40. Rh3 Rxh3 41. Kxh3
Qf4 42. Kg2 Be5 43. Qf3 Qh2+ 44. Kf1 Bf4 45. Qg2 Qh4 46. Ke2 Kf6 47. Kd1 Bg3 48.
e5+ Bxe5 49. c3 dxc3 50. bxc3 bxc3 51. Kc2 d5 52. Qe2 Qh1 53. d4 Bxd4 54. Qd3
Qg2+ 55. Kd1 Qxg4+ 0-1